Biện pháp quản lý phương tiện dạy học ở các trường trung học cơ sở huyện Nam Trà My, tỉnh Quảng Nam

Cơ sở lý luận về công tác quản lý phương tiện; Thực trạng công tác quản lý phương tiện; Biện pháp quản lý phương tiện dạy học ở các trường trung học cơ sở huyện Nam Trà My, tỉnh Quảng Nam...

সংরক্ষণ করুন:
গ্রন্থ-পঞ্জীর বিবরন
প্রধান লেখক: Võ Đăng Chín
অন্যান্য লেখক: Bùi Việt Phú TS. (Hướng dẫn)
বিন্যাস: গ্রন্থ
ভাষা:Vietnamese
প্রকাশিত: Đà Nẵng Đại học Đà Nẵng 2013
বিষয়গুলি:
ট্যাগগুলো: ট্যাগ যুক্ত করুন
কোনো ট্যাগ নেই, প্রথমজন হিসাবে ট্যাগ করুন!
Thư viện lưu trữ: Mạng thư viện Đại học Đà Nẵng
LEADER 01770nam a2200349 4500
001 000019382
003 15817
005 20140421140425.0
008 140421s2013 viesd
041 |a vie 
082 1 4 |a 373.133  |b VO-C 
100 |a Võ Đăng Chín 
245 |a Biện pháp quản lý phương tiện dạy học ở các trường trung học cơ sở huyện Nam Trà My, tỉnh Quảng Nam  |c Võ Đăng Chín ; Bùi Việt Phú hướng dẫn.  |k Luận văn Thạc sĩ 
260 |a Đà Nẵng  |b Đại học Đà Nẵng  |c 2013 
300 |a 118 tr., phụ lục 9 tr.  |c 29 cm.  |e Tóm tắt 
500 |a Luận văn thạc sĩ Quản lý giáo dục. Chuyên ngành: Quản lý giáo dục. Mã số: 60.14.05. 
520 |a Cơ sở lý luận về công tác quản lý phương tiện; Thực trạng công tác quản lý phương tiện; Biện pháp quản lý phương tiện dạy học ở các trường trung học cơ sở huyện Nam Trà My, tỉnh Quảng Nam... 
650 0 4 |a Giáo dục trung học  |v Luận văn tốt nghiệp  |x Quản lí  |x Phương tiện dạy học  |z Quảng Nam 
653 |a Giáo dục trung học 
653 |a Phương tiện dạy học 
653 |a Quản lý giáo dục 
700 1 |a Bùi Việt Phú  |c TS.  |e Hướng dẫn 
OWN |a LSP 
AVA |a UDN50  |b LSP  |d 373.133 VO-C  |e available  |t Error 5001 Not defined in file expand_doc_bib_avail.  |f 1  |g 0  |h N  |i 0  |k 1 
999 |a From the UDN01 
AVA |a UDN50  |b LSP  |d 373.133 VO-C  |e available  |t Error 5001 Not defined in file expand_doc_bib_avail.  |f 1  |g 0  |h N  |i 0  |k 1 
TYP |a Monograph 
TYP |a Printed language 
980 |a Mạng thư viện Đại học Đà Nẵng